000 01586nem a2200445 i 4500
001 35235
003 KOSZ 005
005 20201013094853.0
007 ad canzn
008 040907s2003 pl e | 1 pol
015 _aBDK 2003/763
020 _a8373452192
034 1 _aa
_b20000
035 _a991024391679705066
035 _a(PL-WaBN)b16654924-48omnis_nlop
035 _ab16654924
035 _a(OCoLC)838911796
035 _a(PL)b0000001665492
035 _a(EXLNZ-48OMNIS_NETWORK)9910254263805606
040 _aWA N
_cWA N
_dKOSZ 005/HR
080 _a912(438)
245 0 0 _aAtlas miast Górnego Śląska z Częstochową i Bielskiem :
_bskala 1:20 000 /
_coprac. wydawca Mapy Ścienne Beata Piętka Wydawnictwo Kartograficzne.
255 _aSkala 1:20 000.
260 _aKatowice :
_bMapy Ścienne, Beata Piętka,
_c[2003].
300 _a1 atlas (1 s., 212 s. mapy, s. indeks 213-240) :
_bkolor. ;
_c28 cm, skoroszyt.
380 _aMapy
388 _a2001-
500 _a59 planów miast, 51 gmin, 208 miejscowości, wykaz miast i spis ulic.
546 _aAtlas w jęz. pol., legenda także w jęz. ang., niem.
648 7 _a2001-
_2DBN
650 7 _aMiasta
651 7 _a Województwo śląskie (od 1999)
_2DBN
655 7 _aPlan miasta
_2DBN
658 _aGeografia i nauki o Ziemi
651 7 _aCzęstochowa (woj. śląskie ; okręg)
_2DBN
651 7 _aBielsko-Biała (woj. śląskie ; okręg)
_2DBN
710 2 _aWydawnictwo Piętka
_eWydawca
942 _2UKD
_cMP
999 _c35235
_d35235